000 00476cam a22002054a 4500
005 20250605164153.0
008 250528s ||||||||||||||||||||||||d
035 _a19466
020 _a9603310417
040 _aGR-AtMCL
_bgre
_dGR-AtMCL
_eAACR2
245 1 _aΤΕΧΝΙΚΟ ΣΧΕΔΙΟ
250 _a5
260 _bEte,
_c1992
300 _a107
700 1 _aHeinzler Max
_95716
700 1 _aLeopold Bernd
_95717
942 _cBK
999 _c4722
_d4722